Регионална библиотека "Любен Каравелов" - Русе

Усъвършенствуване на социалистическото разпределение у нас | Повишаване благосъстоянието на народа - главна грижа на Българската комунистическа партия (Запис номер 39898)

MARC детайли
000 -Лидер
Контролно поле с фиксирана дължина nam a22 a 4500
003 - Код на организацията, давaща контролен номер
Контролно поле BLK
005 - Дата и час на последна редакция
Контролно поле 20220704130226.0
008 - Елементи от данни с фиксирана дължина
fixed length control field 180408b bul|||||r ||||||| ||bul||
010 ## - Наследен системен номер
LC control number KNG00043281000
040 ## - Източник на каталожния запис
Идентификатор на билиотеката - собственик на записа BLK
041 ## - Код за език
Код за езика на текст/звукозапис или на отделно заглавие Български
Код за езика КДБФ Български
080 ## - УДК
Текстов определител УДК Икономическо положение. Икономическа политика. Управление. Планиране. Производство. Услуги. Цени
УДК код - определител по УДК 338
УДК определител (497.2)
УДК - код + определител 338(497.2)
080 ## - УДК
Текстов определител УДК Комунистически партии. Вж и 327.323
УДК код - определител по УДК 329.15
УДК определител (497.2)БКП
УДК - код + определител 329.15(497.2)БКП
080 ## - УДК
Текстов определител УДК Работна заплата. Възнаграждения. Премии. Хонорари. Парична подкрепа. Вж и 349.23
УДК код - определител по УДК 331.2
УДК определител (497.2)
УДК - код + определител 331.2(497.2)
100 1# - Редна дума - Автор
Автор Великов, Никола Вълков
Авторска отговорност първи автор
R(LIN) 274007
139 ## - Редно поле
Редна дума Великов, Борис Стойчев и др.
Авторски знак Вели - В 39
245 10 - Сведения за заглавието
Заглавие Усъвършенствуване на социалистическото разпределение у нас
Редно поле (дума) Никола Вълков Великов.
245 10 - Сведения за заглавието
Заглавие Повишаване благосъстоянието на народа - главна грижа на Българската комунистическа партия
Редно поле (дума) Йордан Бойчев.
257 ## - Страна на издаване
Страна на създаване/издаване България
260 ## - Област на издателските данни
Място на издаване, разпространение и проч. София
Име на издателя, разпространителя и проч. БКП
Година на издаване 1971
300 ## - Физическа характеристика
Страници 87 с.
Илюстрации и др. с табл.
Размери/Мащаб 20 см
380 ## - Жанр
Жанр Обществени науки
490 ## - СЕРИИ (Колекции)
Име на серия В помощ на участниците в системата на партийната просвета
9 (RLIN) 205316
490 ## - СЕРИИ (Колекции)
Име на серия Марксизмът-ленинизмът за научно-техническата революция и нейните социални последици
9 (RLIN) 208618
650 #4 - Допълнително описание по предмет – тема
Основно описание – тема или топоним Национален доход - България
9 (RLIN) 276911
650 #4 - Допълнително описание по предмет – тема
Основно описание – тема или топоним Работна заплата - България
9 (RLIN) 265506
650 #4 - Допълнително описание по предмет – тема
Основно описание – тема или топоним Социализъм - България
9 (RLIN) 247291
651 #4 - Допълнително описание по предмет - топоним
Географско понятие България
9 (RLIN) 241624
653 ## - Ключова дума – ненормативна
Ключова дума национален доход
653 ## - Ключова дума – ненормативна
Ключова дума привързаност
653 ## - Ключова дума – ненормативна
Ключова дума социалистическо общество
653 ## - Ключова дума – ненормативна
Ключова дума социализъм
700 ## - Други автори (авторска отговорност)
Лично име Бойчев, Йордан
Автороска отговорност (Описва отношението между автора и произведението) авт.
9 (RLIN) 389356
852 ## - Местоположение
Форматна сигнатура Цб 57045
Фондова буква Хранилище
856 4# - Електронен адрес и достъп
Електронен формат pdf - файл
856 4# - Електронен адрес и достъп
Електронен формат pdf - файл
999 ## - СИСТЕМНИ КОНТРОЛНИ НОМЕРА
Koha biblionumber 39898
Koha biblioitemnumber 39898
942 ## - АРТИКУЛИ
Вид на библиотечния материал Книги
Скрит в OPAC Не
Периодичен библиозапис Да
944 ## - СЪЗДАВАНЕ И РЕДАКЦИЯ на ЗАПИСА
Създаване/Редакция Създаване
Дата на регистрацията/редакция 30.08.2016
Статус, дата на статуса ф /
Служител, извършил регистрацията/редакцията Любка_Николова
944 ## - СЪЗДАВАНЕ И РЕДАКЦИЯ на ЗАПИСА
Създаване/Редакция Редакция
Дата на регистрацията/редакция 2022-07-04
Служител, извършил регистрацията/редакцията ир
999 ## - СИСТЕМНИ КОНТРОЛНИ НОМЕРА
Koha biblioitemnumber 39898
Наличности
Код за отписване Код за изгубен артикул Източник на класификационната схема Код за повреда Коз за рестрикции Код за отдаване Артикулен № Име на библиотеката - собственик Име на библиотеката, в която се намира в момента Статус (Текущо местоположение) Дата на вписване в системата Местоположение - отдел Цена в лева Инвентарен номер Систематично азбучна сигнатура Баркод Номер на екземпляра Цена в евро Служебна бележка Служебен тип на артикула
  Не е изгубен Universal Decimal Classification Не е повреден само за читалня ползва се в читалня 62440 Регионална библиотека "Любен Каравелов" Русе Регионална библиотека "Любен Каравелов" Русе Хранилище 1971-01-01 Хранилище 0.25 89254 Цб 57045 120000089254 1 0.13 Дост: Dp Вид: Д N: стар фонд Дата: 01.01.1971 Книги
Изтеглен Не е изгубен Universal Decimal Classification Не е повреден без рестрикции заемане за дома 62441 Регионална библиотека "Любен Каравелов" Русе Регионална библиотека "Любен Каравелов" Русе Заемна - подръчен фонд 1971-01-01 Заемна - подръчен фонд 0.25 90515 П 338/В 39 90515 2 0.13 Дост: Pk Вид: Ф N: стар фонд Дата: 01.01.1971 Книги
Vip Innovations Ltd, Rousse, Bulgaria 2025